• 首页
  • 本馆介绍
  • 公告通知
  • 最新文献
  • 馆藏检索
  • 电子资源
  • 读者导购
  • 参考咨询
  • 我的图书馆
  • 登录
  • 详细信息显示
  • 放入我的书架
  • 预约/预借图书
  • 作者相关作品
  • 分类相关作品
  • 丛书相关作品
  • 出版社相关作品

书目信息

  • 表格格式
  • 工作单格式
  • 卡片格式
题名:
科技情报工作现代化
    
 
作者: 练亚纯 编
分册:  
出版信息: 北京   科学技术文献出版社  1979
页数: 33页
开本: 19cm
丛书名: 科技情报工作学术讲座丛书之五
单 册:
中图分类: G350 , G3-49
科图分类:
主题词: 科技情报-情报工作--现代化 , 情报工作-科技情报--现代化
电子资源:
ISBN:
000 00778nam2 2200277 45
001 0179001652
005 20040505163319.8
010    @dCNY0.16
091    @a17176.200
100    @a19950814d1979 em y0chiy0121 ea
101 0  @achi
102    @aCN@b110000
105    @ay z 000yy
106    @ar
200 10 @a科技情报工作现代化@Ake ji qing bao gong zuo xian dai hua@f练亚纯编写
210    @a北京@c科学技术文献出版社@d1979
215    @a33页@d19cm
225 2  @a科技情报工作学术讲座丛书之五
410  0 @120010@a科技情报工作学术讲座丛书之五
606    @a科技情报-情报工作@x现代化
606    @a情报工作-科技情报@x现代化
690    @aG350@v3
690    @aG3-49
701  0 @a练亚纯@Alian ya chun@4编
801  0 @aCN@bNLC@c20040505
905    @f5@b25520-524@dG3-49@e4:5
    
    科技情报工作现代化/练亚纯编写.-北京:科学技术文献出版社,1979
    33页;19cm.-(科技情报工作学术讲座丛书之五)
    
    
    ISBN :CNY0.16
    
●
相关链接 在E读中查询图书 在五车中查询图书 在当当中查询图书 在豆瓣中查询图书


正题名:科技情报工作现代化     索取号:G3-49/4:5         预约/预借

序号 登录号 条形码 馆藏地/架位号 状态 备注
1 0025520   000989005   第一样本阅览室/ [索取号:G3-49/4:5] 在馆    
2 0025521   000988998   密集书库/ [索取号:G3-49/4:5] 在馆    
3 0025522   000988952   密集书库/ [索取号:G3-49/4:5] 在馆    
4 0025523   000988943   密集书库/ [索取号:G3-49/4:5] 在馆    
5 0025524   000988934   密集书库/ [索取号:G3-49/4:5] 在馆    
唐山师范学院图书馆 欢迎您!
大连网信软件有限公司© 版权所有